| 000 | 01797cam a2200361 a 4500 | ||
|---|---|---|---|
| 001 | 7191710 | ||
| 005 | 20220326193305.0 | ||
| 008 | 090512s2008 sp a 000 0 spa d | ||
| 020 | _a9788489771512 | ||
| 020 | _a8489771510 | ||
| 035 | _a(OCoLC)ocn224391655 | ||
| 035 | _a(OCoLC)0224391655 | ||
| 035 | _a(NNC)7191710 | ||
| 035 | _a(OCoLC)224391655 | ||
| 040 |
_aC3L _cC3L _dBTCTA _dBAKER _dYDXCP _dCGU _dBWX _dCDX _dNLF _dPMC |
||
| 041 | 0 |
_aspa _aeng |
|
| 043 |
_ae-po--- _ae-sp--- |
||
| 045 | _ax4x- | ||
| 082 | 1 | 4 |
_a707 _bM538d |
| 100 | 1 |
_aMendizabal, Asier, _d1973- _91670 |
|
| 245 | 1 | 0 |
_aAsier Mendizabal : _bdisjecta membra / _c[comisario, Peio Aguirre]. |
| 246 | 3 | 0 | _aDisjecta membra |
| 260 |
_aBarcelona : _bMuseu d'Art Contemporani de Barcelona, _c2008. |
||
| 300 |
_a179 p. : _bill. (some col.) ; _c22 cm. |
||
| 500 | _aExhibition catalogue, Barcelona, Macba, Jan. 25-May 18, 2008. | ||
| 505 | 0 | _a¿Qué hace la gente? = What do people do? / Bartomeu Marí -- Masa e ideología de la forma en la práctica de Asier Mendizabal = Mass and the ideology of form in Asier Mendizabal's practice / Peio Aguirre -- Dialéctica subescultural = Subsculptural dialectics / Diedrich Diederichsen -- Exposición = Exhibition -- Mayor que una secta, menor que una masa = Bigger than a cult, smaller than a mass / Asier Mendizabal -- Signals, calls and marches : (... lo que la música militar a la música) = (...what military music is to music) / Asier Mendizabal -- Eat the rocument / Ian Svenonius. | |
| 600 | 1 | 0 |
_aMendizabal, Asier, _d1973- _vExhibitions. _91671 |
| 700 | 1 |
_aAguirre, Peio. _91672 |
|
| 710 | 2 |
_aMuseu d'Art Contemporani (Barcelona, Spain) _91673 |
|
| 856 | 4 | 2 |
_uhttp://www.columbia.edu/cgi-bin/cul/resolve?clio7191710 _3TOC |
| 948 | 1 |
_a20090727 _bc _cfra1 _dSCMC |
|
| 999 |
_c351 _d351 |
||